000 00662nam a2200193 i 4500
001 187250
003 SpMaBN
005 20250628055047.0
008 170519s1989 fr ac |||| |dspa d
080 _a821.134.2-14"19"
100 1 _aClausell Bernat, Carmen.
_939094
245 1 0 _aA Don Antonio Machado /
_cCarmen Clausell-Bernat ; prefacio de Narciso Alba ; ilustraciones de Margarita Giral.
260 _aPerpignan :
_bCastillet,
_c[1989]
300 _a89 p. :
_bil., retr. ;
_c21 cm.
504 _aBibliografĂ­a: p. 52-61
700 1 _aAlba, Narciso.
_919193
852 _aES-MaACL
_cDEPO2
_hDonativo José Prat
_jL-31602
942 _2udc
_cMONOGRAFIA
_n0
999 _c187250
_d187250